| 000 | 00613nam a2200217 u 4500 | ||
|---|---|---|---|
| 005 | 20240924071248.0 | ||
| 008 | 100609s2007 r 000 0 eng d | ||
| 020 | _a9789706418227 | ||
| 035 | _aUPN01000176385 | ||
| 049 | _aI | ||
| 050 | 4 |
_aPZ74.1 _bA5.5 |
|
| 100 | 1 |
_aAngulo, Annuska, _d1971- _928863 |
|
| 245 | 1 | 3 |
_aEl misterio del lago olvidado / _cAnnuska Angulo. |
| 260 |
_aMéxico : _bProgreso, _c2007. |
||
| 300 |
_a157 p. : _bil. |
||
| 440 | 0 | _aPiel de gallina | |
| 650 | 4 |
_aLiteratura infantil _94445 |
|
| 650 | 4 |
_aAZTECAS _92980 |
|
| 650 | 4 |
_aLibros y lectura para niños _92290 |
|
| 905 | _aInfantil | ||
| 999 |
_c148488 _d148488 |
||